00306nam a2200121Ia 4500003000400000005001700004008004100021020001900062040002700081100001800108245004100126260001700167OSt20240208123308.0170523s9999 xx 000 0 und d a978-8180547294 ciimt university meerut aPAL- RAJENDRA 0aESSENTIALS OF BUSINESS COMMUNICATION bSULTAN CHAND